000 01141nam a22002537a 4500
005 20170124102924.0
010 _aB-001279
020 _c115.00
035 _aB-001279
037 _bCen Lib/Ret
040 _aDPL
_bHN
082 _a821
_bजैनने
100 _aजैन, नेमिचन्द्र
_942961
245 _aअचानक हम फिर :
_cनेमिचन्द्र जैन
_b'एकांत ' और उसके बाद की कविताएँ /
246 _aAchanak hum phir ekant aur uske baad ki kavitaaen
_bby Nemichandra Jain
260 _bभारतीय ज्ञानपीठ
_aनई दिल्ली
_c1999
270 _a18, इंस्टीट्यूशनल एरिया, लोदी रोड
_bनई दिल्ली
_e110003
300 _a188पृ.
_c20सेमी (सजिल्द)
650 _aहिंदी -- कविता
_942962
650 _aहिंदी साहित्य
_942963
650 _aHindi -- poetry
_942964
650 _aHindi literature
_942965
942 _2ddc
_cHN
_h821
_mजैनने
999 _c111460
_d111460